000 01212nam0a2200337 4500
001 RU\NLR\ONL2\21517
005 20250613132243.0
010 _a978-5-7696-3794-0
_9200
035 _a(NLR Aleph) 009669101
090 _a9651993
_c9651993
100 _a20111128d2011 |||y0rusy50 ca
101 0 _asah
102 _aRU
105 _aa |||||||||
200 1 _aСемён Семёнович Томскай
_f[хомуйан онордулар У. Ф. Кондакова и др.]
210 _aДьокуускай
_cБичик
_d2011
215 _a234,[1] с.,[14] л. ил.
_d21
225 1 _aСаха киэн туттар дьоно
541 1 _aСемён Семёнович Томский
_zrus
600 0 1 _aТомский
_bС. С.
_gСемён Семёнович
_2psbo
607 _aСаха (Якутия), Республика
_xИстория
_92106054
_3RU\NLR\auth\661273216
686 1 _aТ3(2Р=6Я)
686 1 _aЧ421.42
702 1 _aКондакова
_bУ. Ф.
_gУльяна Фёдоровна
_4220
801 0 _aRU
_bNLR
_c20111128
_gPSBO
852 _aNLR
_bОНЛ
_jЯкут./3-2725
942 _cBOOK
980 _aNB
980 _aONL_RF